Online katalóg knižníc regiónu Turca

Slovensko moje (Record no. 21524)

MARC details
000 -LEADER
fixed length control field 01703nam a2200445 a 4500
001 - CONTROL NUMBER
control field 21524
003 - CONTROL NUMBER IDENTIFIER
control field VRT
005 - DATE AND TIME OF LATEST TRANSACTION
control field 20260303150948.0
008 - FIXED-LENGTH DATA ELEMENTS--GENERAL INFORMATION
fixed length control field 160208s1997 xo aba r yy 0 slo
015 ## - NATIONAL BIBLIOGRAPHY NUMBER
National bibliography number SNBA1997/0802403
020 ## - INTERNATIONAL STANDARD BOOK NUMBER
International Standard Book Number 8080460620
035 ## - SYSTEM CONTROL NUMBER
System control number SNK000237307
035 ## - SYSTEM CONTROL NUMBER
System control number urn:nbn:sk:snk-amkga7
035 ## - SYSTEM CONTROL NUMBER
System control number urn:nbn:sk:snk-am003w1v
035 ## - SYSTEM CONTROL NUMBER
System control number 68C49E3F-F5E0-4EAD-9FDF-7760F66FACD5
039 #9 - LEVEL OF BIBLIOGRAPHIC CONTROL AND CODING DETAIL [OBSOLETE]
Level of rules in bibliographic description 202112141331
Level of effort used to assign nonsubject heading access points AUTHORITY
Level of effort used to assign subject headings 202112141326
Level of effort used to assign classification AUTHORITY
Level of effort used to assign subject headings 201602081608
Level of effort used to assign classification VLOAD
Level of effort used to assign subject headings 201503091121
Level of effort used to assign classification VLOAD
040 ## - CATALOGING SOURCE
Original cataloging agency SNK
Language of cataloging slo
Transcribing agency SNK
Description conventions AACR2
041 0# - LANGUAGE CODE
Language code of text/sound track or separate title slo
044 ## - COUNTRY OF PUBLISHING/PRODUCING ENTITY CODE
MARC country code xo
ISO country code SK
080 ## - UNIVERSAL DECIMAL CLASSIFICATION NUMBER
Universal Decimal Classification number 908.437.6(087.5)
Edition identifier 1981
245 00 - TITLE STATEMENT
Title Slovensko moje
Statement of responsibility, etc. [spracoval kolektív autorov pod vedením Oľgy Drobnej] ; [ilustroval Miroslav Regitko a Štefan Šilhan]
250 ## - EDITION STATEMENT
Edition statement 2. vyd.
260 ## - PUBLICATION, DISTRIBUTION, ETC.
Place of publication, distribution, etc. Bratislava
Name of publisher, distributor, etc. Perfekt
Place of publication, distribution, etc. Wauconda
Name of publisher, distributor, etc. Bolchazy-Carducci Publishers
Date of publication, distribution, etc. 1997
300 ## - PHYSICAL DESCRIPTION
Extent 53 s.
Other physical details fareb. ilustr., fotogr.
Dimensions 25 cm
500 ## - GENERAL NOTE
General note Ilustr. na tit. strane a front., mp. na predsádkach
500 ## - GENERAL NOTE
General note Údaj o sprac. a ilustr. prevzatý z rubu tit. strany
504 ## - BIBLIOGRAPHY, ETC. NOTE
Bibliography, etc. note Bibliogr.
655 #7 - INDEX TERM--GENRE/FORM
Genre/form data or focus term príručky
Source of term SNK
700 1# - ADDED ENTRY--PERSONAL NAME
Personal name Drobná, Oľga
Relationship com
700 1# - ADDED ENTRY--PERSONAL NAME
Personal name Šilhan, Štefan
Relationship ill
700 1# - ADDED ENTRY--PERSONAL NAME
Personal name Regitko, Miroslav,
Dates associated with a name 1965-
Relationship ill
911 ## - EQUIVALENCE OR CROSS-REFERENCE-CONFERENCE OR MEETING NAME [LOCAL, CANADA]
Meeting name or jurisdiction name as entry element KN 1997/08
Number [OBSOLETE] 02403
942 ## - ADDED ENTRY ELEMENTS (KOHA)
Source of classification or shelving scheme Dewey Decimal Classification
Koha item type Odborná literatúra pre deti
Suppress in OPAC No
949 ## - LOCAL PROCESSING INFORMATION (OCLC)
9 P60, <09>, [BOOK], {629}
a snkC 1103
b snk2081/970514
949 ## - LOCAL PROCESSING INFORMATION (OCLC)
6 17A0063259
9 P60, <04>, [BOOK], {604}
a snkSC 93049 D1
b snkKSP 4748/97
949 ## - LOCAL PROCESSING INFORMATION (OCLC)
6 17A0063258
9 P60, <03>, [BOOK], {603}
a snkSC 93049
b snkKSP 4747/97
s 6100:20140925
949 ## - LOCAL PROCESSING INFORMATION (OCLC)
6 3830001031611
a kurukV1.3/15
949 ## - LOCAL PROCESSING INFORMATION (OCLC)
6 273K0109797
a svkpoC 32304
b svkpo423321
Holdings
Stav vyradenia Strata Poškodenie Spôsob nadobudnutia Domovská knižnica Aktuálna knižnica Dátum nadobudnutia Total checkouts Čiarový kód exemplára Date last seen Typ exemplára
      Dar Obecná knižnica Horná Štubňa Obecná knižnica Horná Štubňa 03.03.2026   9788080460624 03.03.2026 Odborná literatúra pre deti
Projekt je podporený Slovenskou asociáciou knižníc
Prevádzkuje Turčianska knižnica Martin 2026